Großstädte Ozeaniens - Statistiken

Allgemein
  • Dieses Quiz wurde 105 mal gespielt
  • Das Durchschnittsergebnis liegt bei 19 aus 30
Antwortstatistiken
Einwohner Land Stadt % Korrekt
4.585.537 Australien Melbourne
100%
4.698.656 Australien Sydney
100%
212.000 Neuseeland Wellington
99%
1.440.300 Neuseeland Auckland
97%
2.043.762 Australien Perth
97%
2.287.896 Australien Brisbane
93%
364.125 Papua-Neuguinea Port Moresby
93%
1.245.011 Australien Adelaide
90%
490.181 Australien Canberra
90%
377.900 Neuseeland Christchurch
86%
185.913 Fidschi Suva
86%
130.176 Salomonen Honiara
72%
122.207 Australien Darwin
71%
671.386 Australien Gold Coast
71%
348.539 Australien Newcastle
65%
284.131 Australien Sunshine Coast
61%
197.451 Australien Hobart
60%
153.181 Australien Cairns
58%
280.153 Australien Wollongong
54%
179.900 Neuseeland Hamilton
53%
325.255 Australien Central Coast
50%
158.300 Neuseeland Tauranga
49%
173.724 Australien Townsville
46%
180.239 Australien Geelong
44%
148.934 Papua-Neuguinea Lae
42%
102.400 Neuseeland Dunedin
28%
100.649 Australien Bendigo
25%
105.348 Australien Ballarat
22%
108.398 Australien Toowoomba
22%
111.500 Neuseeland Lower Hutt
19%
Keine übereinstimmenden Quizze gefunden
Verteilung der Resultate
Anzahl Personen mit jedem Resultat
Perzentil nach korrekt beantworteten Fragen
Ihre Resultats-Entwicklung
Sie haben dieses Quiz noch nicht gespielt